000 00871nam a2200265Ia 4500
003 OSt
005 20220923211504.0
006 a|||||r|||| 00| 0
007 ta
008 220922b |||||||| |||| 00| 0 pan d
020 _a9789352046720 (hbk)
_c225
024 _a336,475
037 _b1011, 25/01/2018, H.K. Prakashan
_cTextual
040 _aARTS
_cARTS
_bpan
041 _2pan
_apan
082 _aO153,3NKAx, Q7
100 _aਕੌਰ, ਪ੍ਰਵੀਨ, ਂਚ.
245 0 _aਪਰ ਕਿਉ੍ਵ
260 _aਚੰਡੀਗੜ
_b ਯੂਨੀਸਟਾਰ
_c2017
300 _a96ਪ0
_ccm.
650 _a ਪੰਜਾਬੀ ਕਹਾਣੀ
650 _aਪੰਜਾਬੀ ਸਾਹਿਤ
942 _hO153,3NKAx, Q7
_cTEXL
_2CC
999 _c300047
_d300047